Las parábolas de Cristo

Αποθηκεύτηκε σε:
Λεπτομέρειες βιβλιογραφικής εγγραφής
Κύριος συγγραφέας: Castellani TH. D., Leonardo (Συγγραφέας)
Μορφή: Βιβλίο
Γλώσσα:Ισπανικά
Έκδοση: Buenos Aires Itenerarium 1959
Έκδοση:1a. ed
Θέματα:
Ετικέτες: Προσθήκη ετικέτας
Δεν υπάρχουν, Καταχωρήστε ετικέτα πρώτοι!

MARC

LEADER 00000nam a2200000 a 4500
001 UCJ5820
003 CL-VaPUC
008 070124e19591106AG |||||||||||||||||spa|d
082 0 4 |a 232  |b CAS  |2 21 
100 0 |a Castellani TH. D., Leonardo  |e author  |9 511629 
245 1 4 |a Las parábolas de Cristo 
250 |a 1a. ed 
300 |a 345 p 
942 |c BK 
945 |d 20070124 00:00:00  |a rinostro 
260 |a Buenos Aires  |b Itenerarium  |c 1959 
650 0 |a Sagradas escrituras  |9 349657 
650 0 |a Exégesis   |9 365279 
650 0 |a Espiritualidad   |9 267331 
650 0 |a Oratoria sagrada  |9 315619 
583 |a last modification  |c 20070124 00:00:00  |k Rodrigo Vera 
999 |c 321929  |d 321927 
952 |0 0  |1 0  |4 0  |6 232_000000000000000_CAS_1959  |7 0  |8 X  |9 400814  |a FDOBUD  |b FDOBUD  |d 2019-11-22  |i 1039997  |o 232 CAS 1959  |p 1039997  |r 2019-11-22  |w 2019-11-22  |y BK_X  |k BUD